000 00737nam a2200217 4500
001 1320482
005 20180213070004.0
008 710311s1969 miuab b 001 0 eng
010 _a 78021544
040 _aDLC
_cDLC
_dDLC
041 _aeng
080 _a690.89 lyt
082 0 0 _a690.89 lyt
100 1 _a41
101 _ande
245 1 0 _aFarm builder's handbook:
_c[by] R. J. Lytle. With chapters by Merle L. Esmay [and] Arthur J. Muehling. Engineering consultant, Robert J. Mansfield; editorial consultant, William J. Fletcher.
350 _a$15.00
504 _aBibliography: p. 203.
906 _a7
_bcbc
_corignew
_d2
_eocip
_f19
_gy-gencatlg
942 _2ddc
_cBK
999 _c42378
_d42378